000
00264nam a22001097a 4500
040
_c
SK
082
_a
631
100
_a
ត្រាន់ ថាន់កាញ់
245
_a
ធរណីវិទ្យា
260
_a
RUA
_b
ត្រាន់
_c
1992
942
_c
KB
999
_c
9573
_d
9573